000 00679nam a2200253Ia 4500
003 OSt
005 20221006144014.0
006 a|||||r|||| 00| 0
007 ta
008 221006b |||||||| |||| 00| 0 eng d
024 _a10,631
037 _cTextual
040 _aEASL
_cEASL
_beng
041 _2eng
_aeng
082 _aW691xM97, M7.
100 _aRAY Sibnarayan Ed.
_9585652
245 0 _aSelected works of M. N. Roy
260 _aDelhi
_bOxford University Press
_c1987
300 _ap.
_ccm.
490 _vV.1: 1917-1922 (564p.) V.4Oth
650 _aCEL
942 _hW691xM97, M7.
_cTEXL
_2CC
999 _c1078717
_d1078717